Statistics for Can you name every team's PPG leader in the 2021-2022 season?

Click here to take the quiz!

General Stats

  • This quiz has been taken 15 times
  • The average score is 25 of 30

Answer Stats

HintAnswer% Correct
BucksGiannis Antetokounmpo
100%
CelticsJayson Tatum
100%
76ersJoel Embiid
100%
NetsKevin Durant
100%
LakersLeBron James
100%
MavericksLuka Doncic
100%
HawksTrae Young
100%
Trail BlazersDamian Lillard
92%
BullsDeMar DeRozan
92%
SunsDevin Booker
92%
JazzDonovan Mitchell
92%
GrizzliesJa Morant
92%
HeatJimmy Butler
92%
TimberwolvesKarl-Anthony Towns
92%
NuggetsNikola Jokic
92%
WarriorsStephen Curry
92%
WashingtonBradley Beal
85%
PelicansBrandon Ingram
85%
CavaliersDarius Garland
85%
KingsDe'Aaron Fox
85%
SpursDejounte Murray
85%
KnicksJulius Randle
85%
RaptorsPascal Siakam
85%
ClippersPaul George
85%
ThunderShai Gilgeous-Alexander
85%
HornetsMiles Bridges
69%
RocketsChristian Wood
54%
MagicCole Anthony
54%
PistonsJerami Grant
38%
PacersMalcolm Brogdon
38%

Score Distribution

Percentile by Number Answered

Percent of People with Each Score

Your Score History

You have not taken this quiz